| 000 | 00385nam a22001337a 4500 | ||
|---|---|---|---|
| 082 |
_a584.9 _bVET |
||
| 100 |
_aThe World Bank _919583 |
||
| 245 |
_aVetiver Grass Hedgerows _cThe World Bank |
||
| 260 |
_aUK : _bInernational COnference on Vegetation and Slopes, _c1994. |
||
| 300 |
_bill,; _c30 cm. |
||
| 526 |
_a0 _b0 _c0 _d584_900000000000000_VET |
||
| 650 |
_aMCE _9379 |
||
| 942 |
_2ddc _cBK |
||
| 999 |
_c544874 _d544874 |
||